| 000 | 01404nam a2200349 a 4500 | ||
|---|---|---|---|
| 001 | ebr10070678 | ||
| 003 | CaPaEBR | ||
| 006 | m u | ||
| 007 | cr cn||||||||| | ||
| 008 | 050913r20031998enk sb 001 0 eng | ||
| 010 | _z 97035427 | ||
| 020 | _z0203207173 | ||
| 020 | _z0415172071 | ||
| 040 |
_aCaPaEBR _cCaPaEBR |
||
| 035 | _a(OCoLC)70733055 | ||
| 050 | 1 | 4 |
_aDS885.48 _b.S56 2003eb |
| 082 | 0 | 4 |
_a327.52 _221 |
| 100 | 1 |
_aShimazu, Naoko, _d1964- |
|
| 245 | 1 | 0 |
_aJapan, race, and equality _h[electronic resource] : _bthe racial equality proposal of 1919 / _cNaoko Shimazu. |
| 260 |
_aLondon : _aNew York : _bRoutledge, _c2003. |
||
| 300 | _axi, 255 p. | ||
| 490 | 1 | _aNissan Institute/Routledge Japanese studies series | |
| 504 | _aIncludes bibliographical references ([233]-247) and index. | ||
| 533 |
_aElectronic reproduction. _bPalo Alto, Calif. : _cebrary, _d2013. _nAvailable via World Wide Web. _nAccess may be limited to ebrary affiliated libraries. |
||
| 650 | 0 |
_aWorld War, 1914-1918 _xDiplomatic history. |
|
| 650 | 0 |
_aJapanese _xEthnic identity. |
|
| 651 | 0 |
_aJapan _xForeign relations _y1912-1945. |
|
| 655 | 7 |
_aElectronic books. _2local |
|
| 710 | 2 | _aebrary, Inc. | |
| 830 | 0 | _aNissan Institute/Routledge Japanese studies series. | |
| 856 | 4 | 0 |
_uhttp://site.ebrary.com/lib/rucke/Doc?id=10070678 _zAn electronic book accessible through the World Wide Web; click to view |
| 999 |
_c31490 _d31490 |
||